|
|
|
|
| LEADER |
00000cam a2200000 4500 |
| 001 |
vtls012282609 |
| 003 |
SK-MaSNL |
| 005 |
20260420114312.0 |
| 008 |
250911s2023 rb oa brp 000 0 slo |
| 015 |
|
|
|a SNBZSA2026/04
|
| 020 |
|
|
|a 9788653301613
|q (brožované)
|
| 020 |
|
|
|a 9788653301590
|q (niz)
|
| 040 |
|
|
|a SNK
|b slo
|c SNK
|e rda
|
| 041 |
1 |
|
|a slo
|h slo
|
| 044 |
|
|
|a rb
|c RS
|
| 072 |
|
7 |
|a 57/59
|x Biologické vedy
|2 konspekt
|
| 080 |
|
|
|a 57.081.1
|2 2011
|
| 080 |
|
|
|a (075.2)
|2 2011
|
| 100 |
1 |
|
|a Gavrić, Zoran B.,
|d 1969-
|4 aut
|9 204792
|
| 240 |
1 |
0 |
|a Maša i Raša, Svet oko nas 1
|l Slovensky
|
| 245 |
1 |
0 |
|a Maša a Raša
|b svet okolo nás : učebnica pre prvý ročník základnej školy
|n 2. časť
|c Zoran B. Gavrić, Dragica Milovanovićová ; preklad do slovenčiny: Tatiana Naďová
|
| 250 |
|
|
|a Tretie vydanie
|
| 264 |
|
1 |
|a Belehrad
|b Klett s.r.o.
|c [2023]
|
| 264 |
|
4 |
|c ©2023
|
| 300 |
|
|
|a 55 strán
|b fotografie, ilustrácie
|c 29 cm
|e obrazová príloha (1 list)
|
| 336 |
|
|
|a text
|b txt
|2 rdacontent
|
| 336 |
|
|
|a statický obraz
|b sti
|2 rdacontent
|
| 337 |
|
|
|a bez média
|b n
|2 rdamedia
|
| 338 |
|
|
|a zväzok
|b nc
|2 rdacarrier
|
| 338 |
|
|
|a list
|b nb
|2 rdacarrier
|
| 366 |
|
|
|e 350 kusov
|
| 500 |
|
|
|a Pravdepodobne preložené zo srbčiny
|
| 521 |
8 |
|
|a Pre 1. ročník ZŠ
|
| 650 |
0 |
7 |
|a prírodoveda
|2 SNKPH
|9 3960
|
| 650 |
0 |
7 |
|a Natural history
|2 SNKPHeng
|9 278510
|
| 655 |
|
7 |
|a učebnice základných škôl
|2 SNKPH
|9 70187
|
| 655 |
|
7 |
|a Textbooks (elementary)
|2 SNKPHeng
|9 276977
|
| 700 |
1 |
|
|a Milovanović, Dragica,
|d 1960-
|4 aut
|9 371125
|
| 700 |
1 |
|
|a Jovanović, Aleksa,
|d 1982-
|4 ill
|9 236103
|
| 700 |
1 |
|
|a Radić-Mitrović, Manja,
|d 1982-
|4 ill
|9 303306
|
| 700 |
1 |
|
|a Golubović, Milica,
|d 1989-
|4 ill
|9 303307
|
| 700 |
1 |
|
|a Naďová, Tatiana,
|d 1967-
|4 trl
|9 223272
|
| 852 |
|
|
|a Slovenská národná knižnica
|
| 919 |
|
|
|a 978-86-533-0161-3
|
| 919 |
|
|
|a 978-86-533-0159-0
|
| 954 |
|
|
|a odborná, vedecká literatúra cudzojazyčná (svetová)
|2 lita
|
| 958 |
|
|
|a ZS
|
| 958 |
|
|
|a OP
|
| 968 |
|
|
|b SCR
|
| 999 |
|
|
|c 1046366
|d 1048296
|
| 952 |
|
|
|t 1
|a SNK
|b SNK
|c SNK_KF
|y PREZ
|7 8
|p 17A1578272
|o snksnkSB 102570/príl.
|i snk2026/4500
|8 2
|g 10.44
|3 Príloha: 1 list (nálepky)
|z
|0 0
|1 0
|2 udc
|4 0
|d 2025-09-11
|l 0
|r 2026-02-24 14:39:00
|w 2026-02-24
|
| 952 |
|
|
|t 1
|a SNK
|b SNK
|c SNK_KF
|y PREZ
|7 8
|p 17A1578271
|o snkSB 102570
|i snk2026/4500
|8 2
|3 Obsahuje prílohu: 1 list (nálepky)
|z
|0 0
|1 0
|2 udc
|4 0
|d 2025-09-11
|l 0
|r 2026-02-24 14:39:00
|w 2026-02-24
|